000 01936nam a2200577 i 4500
001 5667
003 KOSZ 005
005 20190809090428.0
008 970513s1992 pl a f f |000 0 pol
015 _aPB 1992/4884
020 _a8385366253
035 _a991001343809705066
035 _a(PL-WaBN)b10389519-48omnis_nlop
035 _ab10389519
035 _a(OCoLC)750804208
035 _a(PL)b0000001038951
035 _a(EXLNZ-48OMNIS_NETWORK)9910111248505606
040 _aWA N
_cWA N
_dKOSZ 005/EG
041 _apol
046 _k1992
080 _a519.6
080 _a004.65
080 _a005.1
080 _a(075.8)
100 1 _aFlakiewicz, Wiesław
_d(1926-2001)
_eAutor
245 1 0 _aElementy teorii infologii :
_bwedług Bo Sundgrena /
_cWiesław Flakiewicz.
260 _aWarszawa :
_b"Poltext",
_c1992.
300 _a153, [2] s. :
_brys. ;
_c21 cm.
336 _2rdacontent
_aTekst
_btxt
337 _2rdamedia
_aBez urządzenia pośredniczącego
_bn
338 _2rdacarrier
_aWolumin
_bnc
380 _aKsiążki
380 _aPublikacje dydaktyczne
385 _mPoziom nauczania
_aSzkoły wyższe
388 _a1901-2000
388 _a1989-2000
490 1 _aStudia Finansowo-Bankowe / Szkoła Główna Handlowa
500 _aNa s. 4 okł. błędny ISBN.
504 _aBibliogr. s. [155].
600 1 7 _aSundgren, Bo
_d(1946- )
_2DBN
650 7 _aBaza danych
_2DBN
650 7 _aSystemy informacyjne
_2DBN
650 7 _aSystemy informatyczne zarządzania
_2DBN
655 7 _aPodręczniki akademickie
_2DBN
658 _aInformatyka i technologie informacyjne
710 2 _aWydawnictwo Poltext
_4pbl
830 0 _aStudia Finansowo-Bankowe - Szkoła Główna Handlowa
856 _uhttp://koha.tu.koszalin.pl/cgi-bin/koha/opac-detail.pl?biblionumber=5667
_yKatalog online BPK
942 _2UKD
_cKS
999 _c5667
_d5667